Applied probability models with optimization applications
Αποθηκεύτηκε σε:
| Κύριος συγγραφέας: | |
|---|---|
| Μορφή: | Βιβλίο |
| Γλώσσα: | English |
| Δημοσίευση: |
New York :
dover Publications,
1992
|
| Σειρά: | Dover books on mathematics
|
| Θέματα: | |
| Ετικέτες: |
Προσθήκη ετικέτας
Δεν υπάρχουν, Καταχωρήστε ετικέτα πρώτοι!
|
MARC
| LEADER | 00000cam a2200000 i 4500 | ||
|---|---|---|---|
| 001 | 1/96193 | ||
| 008 | 991214s1992 eng d | ||
| 020 | |a 0486673146 | ||
| 035 | |l 10055657 | ||
| 040 | |a GR-MY-UA |b gre |e aacr | ||
| 041 | 0 | |a eng | |
| 082 | 0 | |a 519.2 | |
| 100 | 1 | |a Ross, Sheldon M. | |
| 245 | 1 | 0 | |a Applied probability models with optimization applications / |c Sheldon M. Ross |
| 260 | |a New York : |b dover Publications, |c 1992 | ||
| 300 | |a 198 σ.; |c 22 εκ. | ||
| 490 | 1 | |a Dover books on mathematics | |
| 504 | |a Περιλαμβάνει βιβλιογραφικές παραπομπές και ευρετήριο | ||
| 650 | 0 | 0 | |a Probabilities. |
| 650 | 0 | 0 | |a Mathematical optimization. |
| 830 | 0 | |a Dover books on mathematics | |
| 852 | |a INST |b CHIOS |e 20080507 |h 519.2 ROS |p 005200027295 |q 005200027295 |t BK |y 0 | ||
| 852 | |a INST |b CHIOS |e 20080507 |h 519.2 ROS |p 005200027372 |q 005200027372 |t BK |y 0 | ||
| 852 | |a INST |b SAMOS |e 19991214 |h 519.2 ROS |p 005300016257 |q 005300016257 |t BK |y 0 | ||
| 901 | |a BIBL3-1999-3 | ||
| 901 | |a BIBL2-2008-2 | ||
| 920 | |a ΤΜΗΜΑ ΜΗΧΑΝΙΚΩΝ ΟΙΚΟΝΟΜΙΑΣ ΚΑΙ ΔΙΟΙΚΗΣΗΣ |y ΧΙΟΣ |z 2008-04 | ||
| 922 | |a 2ΕΛΗ |b 200803 |c ΕΠΕΑΕΚ2/ΤΜΟΔ |d ΠΑΠΑΣΩΤΗΡΙΟΥ | ||
| 922 | |a 3ΕΛΗ |b 199911 |c ΕΠΕΑΕΚ/ΜΑΘ |d LEADER | ||
| 970 | |a ΠΟΥΡΝΑΡΑΣ |b ΔΗΜΗΤΡΗΣ |z 1999/12/14 | ||